000
00287nam a2200121Ia 4500
008
220216s9999 xx 000 0 und d
100
_a
Viswanathapillai P
245
0
_a
Foam methakalude nirmanam
260
_b
Rubber
_c
2007
300
_a
13-14.
700
_a
Sasidharan K K
942
_c
ML
999
_c
72812
_d
72812